000 00864cam a2200277 i 4500
001 768714001
003 CO-MdBIC
005 20231130164213.0
008 231130t1985 -us||||| |||| 00| 0 spa d
020 _a0-8297-1275-5
040 _bspa.
_aCO-MdFUSB
_cCO-MdFUSB
_dCO-MdFUSBC
_erda
041 _aspa
082 0 4 _aG 231.72 R6491r
100 1 _aRobertson, Pat
245 1 0 _aEl reino secreto : una promesa de esperanza y libertad en un mundo lleno de confusión / Pat Robertson ; Eliezer Oyola, Traductor
_c/
264 1 _aMiami, FL. : Vida
_bVida,
_c[1985]
264 4 _c©1985
300 _a261 Pág.
_c;
336 _atexto
_btxt
_2rdacontent
337 _2rdamedia
_asin mediación
_bn
338 _2rdacarrier
_avolumen
_bnc
500 _aTítulo original : The secret kingdom
650 0 _951
_aVida espiritual
942 _cBK
945 _ajohan1477
999 _c42855
_d42855